The letters to the Galatians and Ephesians / (Record no. 21264)

MARC details
000 -LEADER
fixed length control field 01348cam a2200409 i 4500
001 - CONTROL NUMBER
control field 4598175
003 - CONTROL NUMBER IDENTIFIER
control field OSt
005 - DATE AND TIME OF LATEST TRANSACTION
control field 20260217105803.0
008 - FIXED-LENGTH DATA ELEMENTS--GENERAL INFORMATION
fixed length control field 760630s1976 pau b 000 0 eng
010 ## - LIBRARY OF CONGRESS CONTROL NUMBER
LC control number 76022672
020 ## - INTERNATIONAL STANDARD BOOK NUMBER
International Standard Book Number 066421309X
Qualifying information hard
020 ## - INTERNATIONAL STANDARD BOOK NUMBER
International Standard Book Number 0664241093
Qualifying information pbk.
020 ## - INTERNATIONAL STANDARD BOOK NUMBER
International Standard Book Number 9780664241094
Qualifying information (pbk.)
035 ## - SYSTEM CONTROL NUMBER
System control number 4598175
040 ## - CATALOGING SOURCE
Original cataloging agency DLC
Transcribing agency DLC
Modifying agency DLC
041 1# - LANGUAGE CODE
Language code of text/sound track or separate title eng
-- grc
050 00 - LIBRARY OF CONGRESS CALL NUMBER
Classification number BS2683
Item number .B37 1976
082 00 - DEWEY DECIMAL CLASSIFICATION NUMBER
Classification number 227/.4/077
130 0# - MAIN ENTRY--UNIFORM TITLE
Uniform title Bible.
Name of part/section of a work Galatians.
Language of a work English.
Version Barclay.
Date of a work 1976.
245 14 - TITLE STATEMENT
Title The letters to the Galatians and Ephesians /
Statement of responsibility, etc. translated with an introd. and interpretation by William Barclay.
250 ## - EDITION STATEMENT
Edition statement Rev. ed.
260 ## - PUBLICATION, DISTRIBUTION, ETC. (IMPRINT)
Place of publication, distribution, etc. Philadelphia :
Name of publisher, distributor, etc. Westminster Press,
Date of publication, distribution, etc. c1976.
300 ## - PHYSICAL DESCRIPTION
Extent xv, [2] p.
Dimensions 19 cm.
336 ## - CONTENT TYPE
Content type term text
Content type code txt
Source rdacontent
337 ## - MEDIA TYPE
Media type term unmediated
Media type code n
Source rdamedia
338 ## - CARRIER TYPE
Carrier type term volume
Carrier type code nc
Source rdacarrier
440 #4 - SERIES STATEMENT/ADDED ENTRY--TITLE
Title The Daily study Bible series -- Rev. ed.
504 ## - BIBLIOGRAPHY, ETC. NOTE
Bibliography, etc Bibliography: p. [187]
630 00 - SUBJECT ADDED ENTRY--UNIFORM TITLE
Uniform title Bible.
Name of part/section of a work Galatians
General subdivision Commentaries.
630 00 - SUBJECT ADDED ENTRY--UNIFORM TITLE
Uniform title Bible.
Name of part/section of a work Ephesians
General subdivision Commentaries.
700 1# - ADDED ENTRY--PERSONAL NAME
Personal name Barclay, William,
Dates associated with a name 1907-1978.
730 02 - ADDED ENTRY--UNIFORM TITLE
Uniform title Bible.
Name of part/section of a work Ephesians.
Language of a work English.
Version Barclay.
Date of a work 1976.
906 ## - LOCAL DATA ELEMENT F, LDF (RLIN)
a 7
b cbc
c orignew
d 1
e ocip
f 19
g y-gencatlg
942 ## - ADDED ENTRY ELEMENTS (KOHA)
Source of classification or shelving scheme Library of Congress Classification
Koha item type General Collection
Holdings
Withdrawn status Lost status Source of classification or shelving scheme Not for loan Home library Current library Shelving location Date acquired Source of acquisition Inventory number Total Checkouts Full call number Barcode Date last seen Copy number Price effective from Koha item type
    Library of Congress Classification   Kabarak, Main Campus Kabarak, Main Campus General Stacks 17/02/2026 Donation 2025/3827   BS2683 .B37 1976 C.1 38378 17/02/2026 C.1 17/02/2026 General Collection
    Library of Congress Classification   Kabarak, Main Campus Kabarak, Main Campus General Stacks 13/03/2026 Donation 2025/3684   BS2683 .B37 1976 C.2 38739 13/03/2026 C.1 13/03/2026 General Collection
Designed with assistance from East African Informatics Ltd